Computer Architecture and Organization : a journey through evolution (Record no. 1442)
[ view plain ]
| 000 -LEADER | |
|---|---|
| Fixed length control field | 00490nam a2200169 4500 |
| 003 - CONTROL NUMBER IDENTIFIER | |
| Control field | SEACOMEC |
| 005 - DATE AND TIME OF LATEST TRANSACTION | |
| Control field | 20240720130644.0 |
| 008 - FIXED-LENGTH DATA ELEMENTS--GENERAL INFORMATION | |
| Fixed length control field | 240720b |||||||| |||| 00| 0 eng d |
| 020 ## - INTERNATIONAL STANDARD BOOK NUMBER / ISBN | |
| International Standard Book Number | 81-7992-469-6. |
| Price | Rs.295.00 |
| 040 ## - CATALOGING SOURCE | |
| Original cataloging agency | SEACOMEC |
| 082 ## - DEWEY DECIMAL CLASSIFICATION NUMBER | |
| Classification number | 004.22 |
| Book Number | P433 |
| 100 ## - MAIN ENTRY--PERSONAL NAME | |
| Personal name | Chakraborty, P |
| 245 1# - TITLE STATEMENT | |
| Title | Computer Architecture and Organization : a journey through evolution |
| Statement of responsibility | P. Chakraborty |
| 260 ## - IMPRINT | |
| Place of publication | Mumbai |
| Name of publisher | Jaico Pub |
| Date of publication | 2006 |
| 650 ## - SUBJECT ADDED ENTRY--TOPICAL TERM | |
| Topical term | Computer -- Organization |
| 942 ## - ADDED ENTRY ELEMENTS (KOHA) | |
| Koha item type | Books |
| Withdrawn status | Lost status | Source of classification | Damaged status | Not for loan | Home library | Current library | Date acquired | Total Checkouts | Call number | Accession number | Date last seen | Price effective from | Koha item type | Copy number |
|---|---|---|---|---|---|---|---|---|---|---|---|---|---|---|
| Dewey Decimal Classification | SEACOM ENGINEERING COLLEGE | SEACOM ENGINEERING COLLEGE | 31/03/2008 | 004.22 P433 | 10445 | 20/07/2024 | 20/07/2024 | Books | ||||||
| Dewey Decimal Classification | SEACOM ENGINEERING COLLEGE | SEACOM ENGINEERING COLLEGE | 31/03/2008 | 004.22 P433 | 10446 | 20/07/2024 | 20/07/2024 | Books | 1 |
